Breves consideraciones acerca del sistema penal y de procedimientos entre los germanos (Record no. 26264)

MARC details
000 -LEADER
campo de control de longitud fija 00674nam a2200181 i 4500
001 - NÚMERO DE CONTROL
campo de control 26264
003 - IDENTIFICADOR DE NÚMERO DE CONTROL
campo de control ES-MaACL
005 - FECHA Y HORA DE LA ÚLTIMA TRANSACCIÓN
campo de control 20250809023356.0
007 - CAMPO FIJO DE DESCRIPCIÓN FÍSICA--INFORMACIÓN GENERAL
campo de control de longitud fija t|
008 - DATOS DE LONGITUD FIJA--INFORMACIÓN GENERAL
campo de control de longitud fija 030108s1858 sp ||||1| spa d
100 1# - ENTRADA PRINCIPAL--NOMBRE DE PERSONA
Nombre de persona Arozarena, Cristóbal.
9 (RLIN) 23176
245 10 - MENCIÓN DEL TÍTULO
Título Breves consideraciones acerca del sistema penal y de procedimientos entre los germanos
Resto del título : discurso leído por el licenciado Don Cristóbal de Arozarena en el acto de recibir la investidura de Doctor.
260 ## - PUBLICACIÓN, DISTRIBUCIÓN, ETC.
Lugar de publicación, distribución, etc. Madrid :
Nombre del editor, distribuidor, etc. [s.n.],
Fecha de publicación, distribución, etc. 1858 (
Fabricante Imp. de Manuel Minuesa)
300 ## - DESCRIPCIÓN FÍSICA
Extensión 14 p. ;
Dimensiones 26 cm.
650 #7 - PUNTO DE ACCESO ADICIONAL DE MATERIA--TÉRMINO DE MATERIA
Término de materia o nombre geográfico como elemento de entrada Derecho germánico
Fuente del encabezamiento o término embne
9 (RLIN) 146100
852 ## - LOCALIZACIÓN
Ubicación ES-MaACL
Número de control de estantería T-388-F-15
Holdings
Estatus retirado Estado de pérdida Estado de daño No para préstamo Colección Biblioteca de origen Biblioteca actual Ubicación en estantería Fecha de adquisición Fuente de adquisición Total de préstamos Signatura topográfica completa Código de barras Visto por última vez Precio de reemplazo Tipo de ítem Koha
        Colección de folletos Biblioteca del Ateneo de Madrid Biblioteca del Ateneo de Madrid Depósito folletos 17/01/2008     T-388-F-15 1027104 23/02/2023 23/02/2023 Folleto